000 01020nam a22002657a 4500
005 20240530110613.0
008 161120s2015 ua ak g b 000 0 ara d
017 _a2014/20645
_bمصر . دار الكتب المصرية
020 _a9789774279416
040 _aEG-CaGPL
082 0 4 _221
_a302.23\
_bش ا
100 0 _aشيماء ذو الفقار زغيب
245 1 2 _aالاتصال السياسي :
_bقضايا و تطبيقات /
_cشيماء ذو الفقار زغيب
250 _aط. 1
260 _aالقاهرة :
_bالدار المصرية اللبنانية ،
_c2015
300 _a376 ص. :
_bجداول ، اشكال ؛
_c24 سم.
490 0 _aالمكتبة الاعلامية
504 _aببليوجرافية : ص 79 - 112
650 0 7 _2qrmak
_aالسياسة
650 0 7 _2qrmak
_aالدعاية السياسية
650 0 7 _2qrmak
_aالاعلام
650 0 7 _2qrmak
_aالاجتماع السياسي
_xعلم
942 _2ddc
_cBK
999 _c62902
_d62902